[Event "South Ural Cup-B"]
[Site "Cheliabinsk"]
[Date "2021.07.03"]
[Round "9"]
[White "Rezvy, Lev"]
[Black "Khruschiov, Alexey"]
[Result "0-1"]
[WhiteElo "2265"]
[BlackElo "2382"]
[PlyCount "62"]
[EventDate "2021.06.25"]
[EventType "tourn"]
[EventRounds "9"]
[EventCountry "RUS"]
[EventCategory "4"]
[SourceTitle "CBM 203 Extra"]
[Source "ChessBase"]
[SourceDate "2021.09.30"]
[SourceVersion "1"]
[SourceVersionDate "2021.09.30"]
[SourceQuality "1"]

1. Nf3 d5 2. c4 d4 3. b4 f6 4. e3 e5 5. Qa4+ c6 6. Bb2 a5 7. a3 Na6 8. c5 Be6 9. exd4 e4 10. b5 exf3 11. bxa6 Bd5 12. Rg1 b5 13. cxb6 Qxb6 14. Bc3 Rb8 15. gxf3 Bxf3 16. Bd3 Bd6 17. Qxa5 Qb3 18. Be2 Qxb1+ 19. Bd1 Qe4+ 20. Kf1 Rb1 21. Rxb1 Qxb1 22. Qa4 Ne7 23. a7 Kd7 24. Qc2 Qxd1+ 25. Qxd1 Bxd1 26. Rxg7 Bc2 27. d5 cxd5 28. Bxf6 Ra8 29. Bd4 Bg6 30. h4 Ke6 31. h5 Bd3+ 0-1

[Event "Cheliabinsk Variant Gp-A"]
[Site "Cheliabinsk"]
[Date "2021.03.30"]
[Round "9"]
[White "Kononenko, Dmitry1111"]
[Black "Rezvy, Lev"]
[Result "1-0"]
[WhiteElo "2322"]
[BlackElo "2153"]
[PlyCount "105"]
[EventDate "2021.03.23"]
[EventType "swiss"]
[EventRounds "10"]
[EventCountry "RUS"]
[SourceTitle "CBM 202 Extra"]
[Source "ChessBase"]
[SourceDate "2021.07.31"]
[SourceVersion "1"]
[SourceVersionDate "2021.07.31"]
[SourceQuality "1"]

1. Nf3 d5 2. g3 e6 3. Bg2 Nf6 4. 0-0 c5 5. c4 dxc4 6. Qa4+ Bd7 7. Qxc4 b5 8. Qc2 Nc6 9. Nc3 Rb8 10. Rd1 Qc8 11. a3 Nd4 12. Qd3 Nb3 13. Rb1 Bc6 14. Qc2 c4 15. d4 Nxc1 16. Rbxc1 Be7 17. e4 0-0 18. d5 exd5 19. exd5 Bd7 20. d6 Bd8 21. Ne5 Re8 22. Re1 Re6 23. Nxd7 Qxd7 24. Rxe6 fxe6 25. Rd1 Bb6 26. Qe2 Re8 27. Bh3 a6 28. Ne4 Nxe4 29. Qxe4 h6 30. Kg2 Bd8 31. Rd2 Bf6 32. Bg4 Bg5 33. f4 Bf6 34. Bd1 Rc8 35. Kh3 Rc6 36. Qg6 Rxd6 37. Rxd6 Qxd6 38. Qe8+ Qf8 39. Qxe6+ Qf7 40. Qc8+ Kh7 41. Bc2+ g6 42. Qxa6 Qd7+ 43. f5 Bxb2 44. Qxg6+ Kh8 45. Qxh6+ Qh7 46. Qxh7+ Kxh7 47. a4 b4 48. a5 b3 49. Bd1 Kg7 50. a6 Bd4 51. Kg4 Kf6 52. Kf4 b2 53. Bc2 1-0

[Event "Cheliabinsk Variant Gp-A"]
[Site "Cheliabinsk"]
[Date "2021.03.25"]
[Round "3"]
[White "Barseghyan, Armen Ar"]
[Black "Rezvy, Lev"]
[Result "1-0"]
[WhiteElo "2358"]
[BlackElo "2153"]
[PlyCount "177"]
[EventDate "2021.03.23"]
[EventType "swiss"]
[EventRounds "10"]
[EventCountry "RUS"]
[SourceTitle "CBM 202 Extra"]
[Source "ChessBase"]
[SourceDate "2021.07.31"]
[SourceVersion "1"]
[SourceVersionDate "2021.07.31"]
[SourceQuality "1"]

1. d4 Nf6 2. c4 e6 3. Nc3 Bb4 4. Nf3 d5 5. cxd5 exd5 6. Bf4 0-0 7. e3 Ne4 8. Rc1 c5 9. Bd3 Nc6 10. dxc5 Nxc3 11. bxc3 Bxc5 12. Qc2 h6 13. 0-0 Bg4 14. Ne5 Nxe5 15. Bxe5 Rc8 16. h3 Be6 17. Qb1 Qe7 18. Bd4 Rc7 19. Rc2 Rfc8 20. Rb2 b6 21. Ba6 Rd8 22. Bd3 Rdc8 23. a4 Bxd4 24. cxd4 Rc3 25. Rb3 Qc7 26. Rxc3 Qxc3 27. Bh7+ Kh8 28. Bf5 Qc6 29. Bxe6 fxe6 30. Qa2 Kg8 31. Qa3 Kf7 32. g3 Qc3 33. Qd6 Qc7 34. Qb4 Qd7 35. Ra1 Rc4 36. Qb3 Qc7 37. Qd1 a5 38. Kg2 Qc6 39. h4 Kg8 40. h5 Qe8 41. Rb1 Qxa4 42. Qxa4 Rxa4 43. Rxb6 Kf7 44. Ra6 Ra2 45. g4 a4 46. Ra7+ Kf6 47. Kg3 a3 48. f3 Ra1 49. e4 e5 50. dxe5+ Kxe5 51. Ra5 a2 52. Kg2 Re1 53. Rxa2 dxe4 54. Kf2 Rc1 55. Ra5+ Ke6 56. fxe4 Rc8 57. Rf5 Rc2+ 58. Kf3 Rh2 59. Ra5 Rb2 60. Ra6+ Ke5 61. Ra5+ Ke6 62. Ra1 Ke5 63. Ra3 Rc2 64. Ra5+ Ke6 65. Ke3 Rb2 66. Ra1 Ke5 67. Ra3 Rb1 68. Ra5+ Ke6 69. Rf5 Re1+ 70. Kf3 Rf1+ 71. Kg2 Re1 72. Rf4 Re3 73. Kf2 Rb3 74. Rf3 Rb2+ 75. Kg3 Re2 76. Kf4 Re1 77. Ra3 Rf1+ 78. Kg3 Re1 79. Ra6+ Ke5 80. Rg6 Re3+ 81. Kh4 Rxe4 82. Rxg7 Kf4 83. Rg6 Kf3 84. Kh3 Re3 85. Rxh6 Kf4+ 86. Kh4 Re1 87. Rf6+ Ke5 88. Rf5+ Ke6 89. Kg5 1-0